000 01120nam1a22003131i 4500
001 RU\INFOCOMM_318\NLR\5000087823
005 20240726232653.0
035 _a(NLR Aleph) 011017285
090 _a11053588
_c11053588
100 _a20121205d1931 |||y0rusy50 ba
101 1 _apol
_crus
102 _aRU
105 _ay z||||
200 1 _aAbecadło leninizmu
_ePrzekł. z 10-go przerobionego wyd. ros.
_fP. Kierżencew i A. Leontjew [pseuds]
210 _aM.
_cCentralne wydawn. ludów ZSRR
_d1931
215 _a2 т.
_d20 см
300 _aНа 4-й с. обл.: П. Керженцев, А. Леонтьев. Азбука ленинизма
300 _aПодзаг. в т. 2 отсутствует
320 _aБиблиогр. в конце глав
517 1 _aАзбука ленинизма
_zrus
620 _aМосква
686 _aКп(1)у
_2rubbk
700 1 _aKeržencev
_bP. M.
_f1881-1940
_gPlaton Michajlovič
701 1 _aLeont'ev
_bL. A.
_f1901-
_gLev Abramovič
801 1 _aRU
_bInfoComm
_c20121205
801 0 _aRU
_bNLR
_gPSBO
852 _aNLR
_jЕ-3/30
852 _aNLR
_jЕ-17/14
942 _cBOOK